000 00724nam a2200253Ia 4500
005 20250425162728.0
008 250425s9999 xx 000 0 und d
020 _a9788416228584
041 _aspa
043 _asp
082 _a621.3
_pPER
100 _aPérez Donsión, Manuel
245 0 _aCalidad de la energia electrica
_cManuel Pérez Donsión
250 _aPrimera edición
260 _aMadrid
_bGarceta
_c2016
300 _a994 páginas
_bilustraciones
_c24 cm
500 _aIncluye tabla de contenido, bibliografia, indice
650 _aArmónicos
650 _aCalidad de potencia eléctrica
650 _aEnergía eléctrica
902 _aMonográfico
_cImpreso
942 _c01
010 _a103538
999 _c235255
_d235255